Liedtext - Sonderzug nach Pankow - Udo Lindenberg - Statistiken

Allgemein
  • Dieses Quiz wurde 241 mal gespielt
  • Das Durchschnittsergebnis liegt bei 219 aus 301
Antwortstatistiken
Textquiz % Korrekt
da
100%
der
100%
Der
100%
'n
100%
nach
100%
so
100%
das
99%
Das
99%
Pankow
99%
Sonderzug
99%
ist
98%
Ist
98%
Ich
97%
ich
97%
'm
97%
Sie
95%
Entschuldigen
92%
und
90%
Und
90%
Berlin
89%
mal
89%
Mal
89%
muss
89%
mit
88%
du
87%
Du
87%
eben
87%
Ost
87%
ein
84%
nicht
84%
wir
83%
die
82%
Nur
81%
Udo
81%
was
81%
Erich
80%
ihr
80%
kleine
80%
klären
79%
dahin
78%
dem
78%
darf
77%
hab
77%
Honecker
77%
Oberindianer
76%
im
75%
sing
75%
All
74%
bin
73%
eurem
73%
ganz
73%
dann
72%
verstehen
72%
will
72%
singen
71%
dürfen
70%
Dürfen
70%
lecker
69%
für
68%
mich
68%
sag
68%
Schlageraffen
68%
zum
68%
West
67%
ganzen
66%
sehr
66%
auf
65%
ihren
65%
schmeckt
65%
wenn
65%
in
64%
lasst
64%
lässt
64%
bringen
63%
dich
63%
Ey
63%
ey
63%
auch
62%
Bist
62%
bist
62%
Klo
62%
lo
62%
doch
61%
es
61%
Radio
61%
an
60%
hörst
60%
Money
60%
Band
59%
spielen
59%
dir
58%
locker
58%
Vortrage
58%
wenig
58%
Cognac
56%
Honey
56%
Jodeltalent
56%
'ner
56%
Republikpalast
56%
Rocker
55%
Lederjacke
54%
weiß
54%
schlürf
52%
Fläschchen
51%
habe
49%
Hallo
49%
hallo
49%
kannst
49%
schließt
49%
Schrott
47%
Arbeiter-
46%
DDR
46%
denn
46%
heimlich
46%
hören
46%
ziehst
46%
Bauernstaat
45%
Warum
45%
drin
44%
viele
44%
werden
44%
Freunde
43%
wirklich
43%
eigentlich
42%
mehr
42%
tief
40%
sturer
39%
gerne
35%
stündlich
35%
genau
33%
glaub
33%
furchtbar
32%
Schrat
32%
Entschuldigung
27%
löchen
25%
Och
23%
jodelodeldido
4%
Keine übereinstimmenden Quizze gefunden
Verteilung der Resultate
Anzahl Personen mit jedem Resultat
Perzentil nach korrekt beantworteten Fragen
Ihre Resultats-Entwicklung
Sie haben dieses Quiz noch nicht gespielt